| 000 | 00560nam a2200193Ia 4500 | ||
|---|---|---|---|
| 005 | 20250618165025.0 | ||
| 008 | 008 250516s9999 xx 000 0 hin d | ||
| 020 | _a9789360865795 | ||
| 040 |
_beng _cSDCL |
||
| 041 |
_ahin _2hin |
||
| 084 | _aY15.2'P R4 | ||
| 100 |
_aTasleema Nasreen _9813141 |
||
| 245 | 0 |
_aStree : _bSamaj aur dharm |
|
| 246 |
_aस्त्री : _bसमाज और धर्म |
||
| 260 |
_aNew Delhi : _bRajkamal Prakashan, _c2024. |
||
| 300 | _a254p. | ||
| 650 |
_aSociology--Gender--Women _9813142 |
||
| 942 |
_cTEXL _2CC |
||
| 999 |
_c1430300 _d1430300 |
||